| 000 | 03012nam a2200517 a 4500 | ||
|---|---|---|---|
| 001 | 000103140 | ||
| 003 | CHAP | ||
| 005 | 20240913133339.0 | ||
| 007 | cr ||||||a|c|a | ||
| 008 | 101027s2010 mx r 00010 spa d | ||
| 035 | _a111261 | ||
| 040 | _cCHAP | ||
| 090 | _aTesis | ||
| 100 | 1 |
_aVicencio Pérez, Javier. _9119055 |
|
| 245 | 1 | 0 |
_aDiagnostico de la ovinocultura en el Municipio de San Fernando, Tamaulipas _c/por Javier Vicencio Pérez; director Leticia Myriam Sagarnaga Villegas |
| 264 |
_aChapingo, Méx. : _bEl autor, _c2010. |
||
| 300 |
_a1 recurso en línea (76 páginas): _bcuadros, figuras |
||
| 336 |
_2rdacontent _atexto _btxt |
||
| 337 |
_2rdamedia _acomputadora _bc |
||
| 338 |
_2rdacarrier _arecursos en línea _bcr |
||
| 502 |
_bIAEZ _cZootecnía _d2010 _gLIC |
||
| 520 | _aEl objetivo del presente trabajo fue obtener un diagnóstico actualizado de la cadena agroalimentaria ovino del municipio de San Fernando, Tamaulipas, con la finalidad de conocer la situación actual de cada uno de sus diferentes componentes e impulsar la capacitación y uso de crédito como detonantes de los proyectos de alto impacto. El diagnóstico enfatiza en el municipio de San Fernando, Tamaulipas, perteneciente al Distrito de Desarrollo Rural 157 San Fernando. La primera parte consiste en una breve descripción de la importancia del diagnóstico. La segunda parte enfatizo en una breve revisión de literatura acerca de las herramientas a considerar en la elaboración de un diagnóstico, así como el diseño, captura, análisis de las encuestas y presentación de resultados, y finalmente en la tercera parte se presentan los resultados. Se encontró que el Índice de adopción de Innovaciones máximo entre los ovinocultores es de 35.29 por ciento, mientras que el mínimo fue de cero y el promedio de 17.81 por ciento; este es un buen índice para comenzar a desarrollar la cadena agroalimentaria ovinos del municipio de San Fernando, Tamaulipas, dada la brecha tecnológica que hay. | ||
| 590 |
_aALEPH _b10 _c20130110 |
||
| 590 |
_aBATCH-UPD _b10 _c20130110 |
||
| 590 |
_aBATCH-UPD _b10 _c20130410 |
||
| 590 |
_aBATCH-UPD _b10 _c20130914 |
||
| 590 |
_aBATCH-UPD _b10 _c20140324 |
||
| 590 |
_aBATCH-UPD _b10 _c20141002 |
||
| 590 |
_aCONVERSION _b10 _c20130109 |
||
| 590 |
_aE11695DGD _b10 _c20141006 |
||
| 590 |
_aE11695DGD _b10 _c20141006 |
||
| 650 | 1 | 4 |
_aCadena alimentaria. _917041 |
| 650 | 1 | 4 |
_aCapacitación. _918690 |
| 650 | 1 | 4 | _aCrédito. |
| 650 | 1 | 4 |
_aDiagnóstico. _932393 |
| 650 | 1 | 4 |
_aGanaderos. _944887 |
| 650 | 1 | 4 |
_aGanado lanar _xTamaulipas. _945224 |
| 700 | 0 |
_aSagarnaga Villegas, Leticia Myriam _9101176 _eDirector |
|
| 856 |
_uhttp://10.13.5.2/tesis/111261.pdf _zDESCARGAR PDF |
||
| 901 | _aBK | ||
| 942 |
_cTD _2Clasificación Universidad Autónoma Chapingo |
||
| 949 |
_aTesis _bBC _cTES _d33724002214108 _eTS1 _gDonaciØn _h51225 _i111261 _sb |
||
| 949 |
_aTesis _bBC _cTES _d33724002214116 _eTS1 _fc.2 _gDonaciØn _h51226 _i111261 _sb |
||
| 999 |
_c99603 _d99603 |
||